HISTORIA DE LA LITERATURA ROMANA : (Registro nro. 53451)
[ vista simple ]
| 000 -LEADER | |
|---|---|
| fixed length control field | 00856nam a2200205 a 4500 |
| 001 - CONTROL NUMBER | |
| control field | 53451 |
| 005 - DATE AND TIME OF LATEST TRANSACTION | |
| control field | 20180714043717.0 |
| 008 - FIXED-LENGTH DATA ELEMENTS--GENERAL INFORMATION | |
| fixed length control field | 140415s1999 sp 000 0 spa d |
| 020 ## - INTERNATIONAL STANDARD BOOK NUMBER | |
| International Standard Book Number | 8425420385 |
| 041 ## - LANGUAGE CODE | |
| Language code of text/sound track or separate title | spa |
| 082 ## - DEWEY DECIMAL CLASSIFICATION NUMBER | |
| Classification number | 859 |
| Item number | ALB |
| 100 1# - MAIN ENTRY--PERSONAL NAME | |
| Personal name | ALBRECHT, MICHAEL VON |
| 245 10 - TITLE STATEMENT | |
| Title | HISTORIA DE LA LITERATURA ROMANA : |
| Remainder of title | DESDE ANDRONICO HASTA BOECIO |
| 250 ## - EDITION STATEMENT | |
| Edition statement | 1a ed. |
| 260 ## - PUBLICATION, DISTRIBUTION, ETC. | |
| Place of publication, distribution, etc. | ESPAÑA : |
| Name of publisher, distributor, etc. | HERDER, |
| Date of publication, distribution, etc. | 1999 |
| 300 ## - PHYSICAL DESCRIPTION | |
| Extent | 359 |
| Dimensions | 14.5 x 5.5 x 22.2 |
| 520 ## - SUMMARY, ETC. | |
| Summary, etc. | ESTA ES LA VERSION ESPAÑOLA DE LA SEGUNDA EDICION ALEMANA DE LA MONUMENTAL GESCHICHTE DER ROMISCHEN LITERATUR, NUEVAMENTE ACTUALIZADA Y REVISADA POR MICHAEL VON ALBRECHT TANTO EN LOS CONTENIDOS TANTO COMO EN L ABUNDANTE BIOGRAFIA |
| 650 14 - SUBJECT ADDED ENTRY--TOPICAL TERM | |
| Topical term or geographic name entry element | LITERATURA HISTORIA Y CRITICA |
| General subdivision | LITERATURA ROMANICA |
| -- | LITERATURA ANTIGUA |
| 740 ## - ADDED ENTRY--UNCONTROLLED RELATED/ANALYTICAL TITLE | |
| Uncontrolled related/analytical title | GESCHICHTE DER RÖMISCHEN LITERATUR |
| Withdrawn status | Lost status | Source of classification or shelving scheme | Damaged status | Not for loan | Collection code | Home library | Current library | Shelving location | Date acquired | Source of acquisition | Inventory number | Total Checkouts | Full call number | Barcode | Date last seen | Date last checked out | Price effective from | Koha item type |
|---|---|---|---|---|---|---|---|---|---|---|---|---|---|---|---|---|---|---|
| Dewey Decimal Classification | General | Biblioteca Karol Wojtyla | Biblioteca Karol Wojtyla | Sala general | 03/12/2013 | Compra | 151000000000000000033069 | 859 ALB | 79578 | 05/02/2026 | 01/12/2014 | 03/12/2013 | Libro | |||||
| Dewey Decimal Classification | General | Biblioteca Karol Wojtyla | Biblioteca Karol Wojtyla | Sala general | 03/12/2013 | Compra | 151000000000000000033070 | 1 | 859 ALB | 79901 | 05/01/2026 | 28/01/2019 | 03/12/2013 | Libro |